Order by Picture (Animals) - Statistics

General Stats
  • This quiz has been taken 10 times
  • The average score is 7 of 16
Answer Stats
Picture Answer % Correct
Octopoda
78%
Anura
56%
Araneae
56%
Isopoda
56%
Opisthopora
56%
Scorpiones
56%
Primates
44%
Artiodactyla
33%
Crocodilia
33%
Hymenoptera
33%
Monotremata
33%
Psittaciformes
33%
Decapoda
22%
Hemiptera
22%
Lamniformes
22%
Squamata
22%
No matching quizzes found
Score Distribution
Percent of People with Each Score
Percentile by Number Answered
Your Score History
You have not taken this quiz